000 01412cam a22003737a 4500
003 CHAP
005 20220817044407.0
008 101111s2009 it a rn 00010 spa d
010 _a99763
011 _a100735
020 _a9789253061532
035 _a111421
040 _cCHAP
082 0 4 _a338.47664
_bF21 v.6
110 2 _aFAO
245 1 4 _aEnfermedades transmitidas por alimentos y su impacto socioeconómico :
_bestudios de caso en Costa Rica, El Salvador, Guatemala, Honduras y Nicaragua
_c/por Gisella Kopper ... [et al.]
260 _aRoma :
_bFAO,
_c2009
300 _ax, 190 p. :
_bilus., gráfs., cuadros, diagramas
490 0 _aInforme técnico sobre ingeniería agrícola y alimentaria
_v; 6
590 _aBATCH-UPD
_b10
_c20130110
_lUCH01
_h0844
590 _aBATCH-UPD
_b10
_c20130410
_lUCH01
_h0518
590 _aBATCH-UPD
_b10
_c20130914
_lUCH01
_h0221
590 _aCONVERSION
_b10
_c20130109
_lUCH01
_h1355
650 1 4 _aAlimentos
_xAspectos economicos.
_94170
650 1 4 _aAlimentos
_xContaminación.
_94205
650 1 4 _aAlimentos
_xHigiene.
_94224
650 1 4 _aInocuidad alimentaria.
_958836
650 1 4 _aSalud pública.
_9101813
700 1 _aKopper, Gisella
_963729
830 0 _aInforme técnico sobre ingeniería agrícola y alimentaria
_v; 6
_958144
901 _aBK
942 _cLIBRO
949 _a338.47664 F21 v.6
_bBC
_cFAO
_d33724002203512
_eFAO1
_gDonaciØn
_h113754
_i111421
_sb
999 _c99763
_d99763